Fix your own pc
| Main Author: | |
|---|---|
| Format: | Book |
| Published: |
New York :
Wiley Publishing ,
2002
|
| Edition: | 7th ed. |
| Subjects: |
MARC
| LEADER | 00000cam a2200000 7i4500 | ||
|---|---|---|---|
| 001 | 0000011848 | ||
| 005 | 20050616.0 | ||
| 020 | |a 0764549448 | ||
| 040 | |a INS | ||
| 090 | 0 | 0 | |a TK7887 |b S33 2002 |
| 100 | 1 | |a Sandler, Corey | |
| 245 | 1 | 0 | |a Fix your own pc |c Corey Sandler |
| 250 | |a 7th ed. | ||
| 260 | |a New York : |b Wiley Publishing , |c 2002 | ||
| 300 | |a xviii : |b 712p. ; |c 27cm. | ||
| 650 | 0 | 0 | |a Maintenance and repair |
| 650 | 0 | 0 | |a Microcomputers |
| 999 | |a 0000011009 |b BOOK |c Open Shelf |e Default branch | ||